000 00929nam a2200313 a 4500
003 AR-BaBNM
005 20251128210912.0
008 082120s2002 ||||||||||||||000 | spa||
020 _a84-7774-274-X
040 _cAR-BaBNM
100 1 _aJiménez Ortega, José
245 0 0 _aCuentos y juegos
_bpara el desarrollo del hábito y la capacidad lectora. 2
260 _aMadrid
_bVisor
_c1995
300 _a149 p.
_bil.
490 0 _aEducación para la diversidad. Azul
_vv. 5
650 4 _aACTIVIDADES DE APRENDIZAJE
650 4 _aJUEGOS EDUCATIVOS
650 4 _aCUENTOS
650 4 _aVOCABULARIO
653 _aENSENANZA DE LA LENGUA
653 _aENSEÑANZA DE LA LITERATURA
653 _aCOMPRENSION LECTORA
653 _aESTRATEGIAS DIDACTICAS
653 _aEDUCACION GENERAL BASICA
700 1 _aJiménez de la Calle, Isabel
800 1 _aJiménez Ortega, José
_edirector
942 _cBK
998 _cRAQUEL
999 _c17380
_d17380